000 00461nam a2200169 i 4500
001 64992
003 ES-MaACL
005 20230906165256.0
007 t|
008 040107s1953 sp ||||1| spa d
100 1 _aFraga García, M. E.
_952073
245 1 0 _aFundamentos de Fisiología Clínica /
_cM.E. Fraga García.
250 _a2ª ed.
260 _aMadrid :
_bPaz Montalvo,
_c1953.
300 _a264 p. ;
_c25 cm.
852 _aES-MaACL
_jC-5710
_bR.34957
999 _c64992
_d64992